<?xml version="1.0" encoding="UTF-8"?>
<record
    xmlns:xsi="http://www.w3.org/2001/XMLSchema-instance"
    xsi:schemaLocation="http://www.loc.gov/MARC21/slim http://www.loc.gov/standards/marcxml/schema/MARC21slim.xsd"
    xmlns="http://www.loc.gov/MARC21/slim">

  <leader>02026nam a2200337 i 4500</leader>
  <controlfield tag="001">5228441</controlfield>
  <controlfield tag="003">CZ PrSKC</controlfield>
  <controlfield tag="005">20260429111543.0</controlfield>
  <controlfield tag="007">ta</controlfield>
  <controlfield tag="008">260408s2026    xr     g      000 f cze  </controlfield>
  <datafield tag="020" ind1=" " ind2=" ">
    <subfield code="a">9788027744435</subfield>
    <subfield code="c">K&#x10D; 499,00</subfield>
  </datafield>
  <datafield tag="040" ind1=" " ind2=" ">
    <subfield code="a">ABG001</subfield>
    <subfield code="b">cze</subfield>
    <subfield code="e">rda</subfield>
  </datafield>
  <datafield tag="041" ind1="1" ind2=" ">
    <subfield code="a">cze</subfield>
    <subfield code="h">eng</subfield>
  </datafield>
  <datafield tag="072" ind1=" " ind2="7">
    <subfield code="a">821.111(73)-3</subfield>
    <subfield code="x">Americk&#xE1; pr&#xF3;za</subfield>
    <subfield code="2">Konspekt</subfield>
  </datafield>
  <datafield tag="080" ind1=" " ind2=" ">
    <subfield code="a">821.111(73)-31</subfield>
    <subfield code="2">MRF</subfield>
  </datafield>
  <datafield tag="080" ind1=" " ind2=" ">
    <subfield code="a">(0:82-31)</subfield>
    <subfield code="2">MRF</subfield>
  </datafield>
  <datafield tag="100" ind1="1" ind2=" ">
    <subfield code="a">Gilmore, Lucy</subfield>
    <subfield code="4">aut</subfield>
    <subfield code="9">20734</subfield>
  </datafield>
  <datafield tag="240" ind1="1" ind2="0">
    <subfield code="a">Library of borrowed hearts.</subfield>
    <subfield code="l">&#x10C;esky</subfield>
  </datafield>
  <datafield tag="245" ind1="1" ind2="0">
    <subfield code="a">Knihovna vyp&#x16F;j&#x10D;en&#xFD;ch srdc&#xED; /</subfield>
    <subfield code="c">Lucy Gilmore ; p&#x159;elo&#x17E;ila Karolina Limrov&#xE1;</subfield>
  </datafield>
  <datafield tag="264" ind1=" " ind2="1">
    <subfield code="a">Praha :</subfield>
    <subfield code="b">Dobrovsk&#xFD; s.r.o.,</subfield>
    <subfield code="c">2026</subfield>
  </datafield>
  <datafield tag="300" ind1=" " ind2=" ">
    <subfield code="a">357 stran ;</subfield>
    <subfield code="c">21 cm</subfield>
  </datafield>
  <datafield tag="490" ind1="1" ind2=" ">
    <subfield code="a">Kontrast</subfield>
  </datafield>
  <datafield tag="500" ind1=" " ind2=" ">
    <subfield code="a">P&#x159;elo&#x17E;eno z angli&#x10D;tiny</subfield>
  </datafield>
  <datafield tag="520" ind1="2" ind2=" ">
    <subfield code="a">Romantick&#xFD; p&#x159;&#xED;b&#x11B;h vypr&#xE1;v&#xED; o neohro&#x17E;en&#xE9; Chloe, kter&#xE1; se sama star&#xE1; o sv&#xE9; t&#x159;i mlad&#x161;&#xED; sourozence. Rozhodn&#x11B; to nem&#xE1; jednoduch&#xE9;. P&#x159;esto ji &#x10D;ek&#xE1; jedno velk&#xE9; p&#x159;ekvapen&#xED;, kter&#xE9; j&#xED; zm&#x11B;n&#xED; &#x17E;ivot.</subfield>
    <subfield code="b">Chloe Sampsonov&#xE1; to nem&#xE1; lehk&#xE9;: star&#xE1; se o t&#x159;i mlad&#x161;&#xED; sourozence, hled&#xE1; sv&#xE9; prav&#xE9; j&#xE1; a sna&#x17E;&#xED; se vyd&#x11B;lat dost na to, aby m&#x11B;li z &#x10D;eho &#x17E;&#xED;t. U&#x17E; se zd&#xE1;, &#x17E;e se ocitla v konc&#xED;ch, kdy&#x17E; ve sklepen&#xED; knihovny, kde pracuje, najde velmi vz&#xE1;cnou starou knihu. K jej&#xED;mu &#xFA;&#x17E;asu se vz&#xE1;p&#x11B;t&#xED; na prahu jej&#xED;ho domu objev&#xED; v&#x11B;&#x10D;n&#x11B; nabru&#x10D;en&#xFD; samot&#xE1;&#x159;sk&#xFD; soused a nab&#xED;dne j&#xED; za ni doslova majlant. Kdy&#x17E; si ji Chloe prohl&#xE9;dne podrobn&#x11B;ji, zjist&#xED;, &#x17E;e si na okraj&#xED;ch str&#xE1;nek dva mlad&#xED; milenci kdysi nech&#xE1;vali vzkazy. Chloe nedok&#xE1;&#x17E;e z&#xE1;had&#x11B; odolat a rozhodne se j&#xED; p&#x159;ij&#xED;t na kloub. S nad&#x161;en&#xED;m zji&#x161;&#x165;uje, &#x17E;e to nebyla jedin&#xE1; kniha pln&#xE1; romantick&#xFD;ch vzkaz&#x16F;. &#x10C;&#xED;m hloub&#x11B;ji se v&#x161;ak do dechberouc&#xED; honby za pokladem no&#x159;&#xED;, t&#xED;m v&#xED;c ot&#xE1;zek vyvst&#xE1;v&#xE1;. Nakladatelsk&#xE1; anotace. Kr&#xE1;ceno.</subfield>
  </datafield>
  <datafield tag="655" ind1=" " ind2="7">
    <subfield code="a">americk&#xE9; rom&#xE1;ny</subfield>
  </datafield>
  <datafield tag="655" ind1=" " ind2="9">
    <subfield code="a">American fiction</subfield>
  </datafield>
  <datafield tag="700" ind1="1" ind2=" ">
    <subfield code="a">Limrov&#xE1;, Karolina,</subfield>
    <subfield code="d">1979-</subfield>
    <subfield code="4">trl</subfield>
    <subfield code="9">12324</subfield>
  </datafield>
  <datafield tag="710" ind1="2" ind2=" ">
    <subfield code="a">Dobrovsk&#xFD; (firma)</subfield>
    <subfield code="4">pbl</subfield>
    <subfield code="9">20424</subfield>
  </datafield>
  <datafield tag="910" ind1=" " ind2=" ">
    <subfield code="a">ABG508</subfield>
  </datafield>
  <datafield tag="952" ind1=" " ind2=" ">
    <subfield code="1">0</subfield>
    <subfield code="2">udc</subfield>
    <subfield code="4">0</subfield>
    <subfield code="0"></subfield>
  </datafield>
  <datafield tag="999" ind1=" " ind2=" ">
    <subfield code="c">34242</subfield>
    <subfield code="d">34242</subfield>
  </datafield>
</record>
